DG trade statistical pocket guide
Saved in:
| Corporate Author: | |
|---|---|
| Format: | Book |
| Language: | English |
| Published: |
Luxembourg
Publications Office of the European Union
2013
|
| Series: | Trade
|
| Subjects: | |
| Tags: |
No Tags, Be the first to tag this record!
|
MARC
| LEADER | 00000nam a2200000 4500 | ||
|---|---|---|---|
| 001 | 0185038 | ||
| 005 | 20240313134936.1 | ||
| 020 | |a 978-92-79-27057-4 | ||
| 041 | 0 | |a eng | |
| 044 | |a LU | ||
| 245 | 1 | 0 | |a DG trade statistical pocket guide |
| 264 | 1 | |a Luxembourg |b Publications Office of the European Union |c 2013 | |
| 300 | |a 90 s. | ||
| 490 | 1 | |a Trade | |
| 830 | 0 | |a Trade | |
| 610 | 2 | 0 | |a obchod zahraničný |
| 610 | 2 | 0 | |a tovar |
| 610 | 2 | 0 | |a služby |
| 610 | 2 | 0 | |a investície priame zahraničné |
| 610 | 2 | 0 | |a obchod svetový |
| 610 | 2 | 0 | |a produkt domáci hrubý |
| 610 | 2 | 0 | |a kurz devízový |
| 610 | 2 | 0 | |a Európska únia |
| 110 | 2 | |a European Commission. Directorate-General Trade | |